|
|
|
|
| LEADER |
03208nam a22004214a 4500 |
| 001 |
EBC182616 |
| 003 |
MiAaPQ |
| 005 |
20200520144314.0 |
| 006 |
m o d | |
| 007 |
cr cn||||||||| |
| 008 |
030213s2003 enka sb 001 0 eng |
| 010 |
|
|
|z 2003003812
|
| 020 |
|
|
|z 0415317541
|
| 035 |
|
|
|a (MiAaPQ)EBC182616
|
| 035 |
|
|
|a (Au-PeEL)EBL182616
|
| 035 |
|
|
|a (CaPaEBR)ebr10097518
|
| 035 |
|
|
|a (CaONFJC)MIL7396
|
| 035 |
|
|
|a (OCoLC)437055612
|
| 040 |
|
|
|a MiAaPQ
|c MiAaPQ
|d MiAaPQ
|
| 043 |
|
|
|a e-uk---
|a e-gx---
|
| 050 |
|
4 |
|a HB99.3
|b .M34 2003
|
| 082 |
0 |
4 |
|a 330.12/6
|2 21
|
| 100 |
1 |
|
|a Mau, Steffen,
|d 1968-
|
| 245 |
1 |
4 |
|a The moral economy of welfare states
|h [electronic resource] :
|b Britain and Germany compared /
|c Steffen Mau.
|
| 260 |
|
|
|a London ;
|a New York :
|b Routledge,
|c 2003.
|
| 300 |
|
|
|a x, 238 p. :
|b ill.
|
| 490 |
1 |
|
|a Routledge/EUI studies in the political economy of welfare ;
|v 5
|
| 504 |
|
|
|a Includes bibliographical references (p. [208]-231) and index.
|
| 505 |
0 |
|
|a Introduction -- Self-interest and pocket-book attitudes -- Beneficial involvement -- Rising demands and ungovernability -- Legitimation crisis: value for meaning -- The welfare backlash and a rational opposition -- Entrenched interests and 'varieties of capitalism' -- Policy reforms: designing institutions for knaves -- The admixture of motives: broadening the perspective -- Preference formation beyond self-interest -- Institutions: material incentives and social norms -- The moral economy of welfare state institutions -- The homo reciprocus -- Policy designs and the repertoire of motives -- Summary -- An analytical framework -- Welfare institutions and public attitudes -- Survey data and methods -- The state of welfare -- A comparative framework -- The welfare legacy in Britain -- Laissez-faire and new liberalism -- Moving towards a Beveridgean social service state -- A welfare consensus, social rights and symptoms of crisis -- The neo-conservative era -- The activating welfare state -- The welfare legacy in Germany -- Conservative authoritarianism -- The social market economy -- Party responses to institutional drawbacks -- The impact of unification and new pressures on the welfare state -- Welfare regimes and their moral economies: some preliminary thoughts -- The logic of popular support for welfare schemes and their objectives -- Redistribution in our heads: givers and takers -- Interests and interpretations -- Assessing the redistributive impact -- A legitimate agenda for redistribution? -- Paying taxes: value for money and the fairness issue -- Burdensome taxation and the disapproval of redistribution -- Conclusion.
|
| 533 |
|
|
|a Electronic reproduction. Ann Arbor, MI : ProQuest, 2015. Available via World Wide Web. Access may be limited to ProQuest affiliated libraries.
|
| 650 |
|
0 |
|a Welfare economics.
|
| 650 |
|
0 |
|a Welfare state.
|
| 651 |
|
0 |
|a Great Britain
|x Social policy.
|
| 651 |
|
0 |
|a Germany
|x Social policy.
|
| 655 |
|
4 |
|a Electronic books.
|
| 710 |
2 |
|
|a ProQuest (Firm)
|
| 830 |
|
0 |
|a Routledge/EUI studies in the political economy of welfare ;
|v 5.
|
| 856 |
4 |
0 |
|u https://ebookcentral.proquest.com/lib/matrademy/detail.action?docID=182616
|z Click to View
|